000 00822cam a22002294a 4500
005 20131031043607.0
008 010410s2002 nyu be 001 0 eng
020 _a0415253233
020 _a0415253241
041 0 _aeng
080 _a33
100 1 _aVernon, Mark,
_d1966-
245 1 0 _aBusiness :
_cMark Vernon.
260 _aNew York :
_bRoutledge,
_c2002.
300 _a253 p. ;
_c18 cm.
500 _aPreface : f. [VI]-VII
504 _aIncludes bibliographical references (p. 219-245) and index.
650 0 _aBiznesi
_vEnciklopeditë
856 4 2 _3Publisher description
_uhttp://www.loc.gov/catdir/enhancements/fy0650/2001019934-d.html
942 _2udc
_cBK
999 _c227
_d227